Книга сказок: Для детей школьного возраста

Bibliografiska uppgifter
Huvudupphovsman: Сологуб Ф. К. Федор Кузьмич
Övriga upphovsmän: Радимов С. П. (иллюстратор), Александров Е. В.
Språk:ryska
Publicerad: Москва, Об-ние "Всесоюз. молодеж. кн. центр", 1992
Ämnen:
Materialtyp: Bok
KOHA link:https://koha.lib.tpu.ru/cgi-bin/koha/opac-detail.pl?biblionumber=136492

MARC

LEADER 00000nam0a2200000 4500
001 136492
005 20231101220625.0
010 |a 570120121X 
020 |a RU  |b 92-8552 
035 |a (RuTPU)RU\TPU\book\147932 
090 |a 136492 
100 |a 20080423d1992 d y0rusy5003 ca 
101 0 |a rus 
102 |a RU 
105 |a a z 000ay 
200 1 |a Книга сказок  |e Для детей школьного возраста  |f Ф. К. Сологуб  |g худож. С. П. Радимов ; Е. В. Александров 
210 |a Москва  |c Об-ние "Всесоюз. молодеж. кн. центр"  |d 1992 
215 |a 46,[1] с.  |c цв. ил.  |d 28 см 
610 1 |a Сказки русские 
610 1 |a детская литература 
675 |a Р1  |z rus 
700 1 |a Сологуб  |b Ф. К.  |c русский писатель-символист  |c настоящая фамилия Тетерников  |f 1863-1927  |g Федор Кузьмич  |2 stltpush  |3 (RuTPU)RU\TPU\pers\29  |9 18 
702 1 |a Радимов  |b С. П.  |4 440 
702 1 |a Александров  |b Е. В.  |4 440 
801 0 |a RU  |b RuMRKP  |c 19950417  |g psbo 
801 1 |a RU  |b 63413507  |c 20080423  |g PSBO 
801 2 |a RU  |b 63413507  |c 20080423  |g PSBO 
942 |c BK